| 000 | 00000nam##2200000za#4500 |
| 001 | 9.579235 |
| 003 | CaOODSP |
| 005 | 20210624190453 |
| 007 | cr ||||||||||| |
| 008 | 150406|1999||||xxc|||||o f|0| 0 eng|d |
| 022 | |a1488-5379 |
| 040 | |aCaOODSP|beng |
| 043 | |an-cn--- |
| 086 | 1 |aFs97-6/2292E-PDF |
| 110 | 1 |aCanada. |bDepartment of Fisheries and Oceans. |
| 245 | 10|aDistribution and abundance of juvenile salmon in Discovery Harbour Marina and surrounding area, Campbell River, B.C., during 1996 / |h[electronic resource]|cby B.A. Bravender, S.S. Anderson, and J. Van Tine. |
| 260 | |aDartmouth - Nova Scotia : |bFisheries and Oceans Canada |c1999. |
| 300 | |a55p.|bfigs., references, tables |
| 490 | 1 |aCanadian technical report of fisheries and aquatic sciences|x1488-5379|vNo. 2292 |
| 500 | |aOn t.p.: Science Branch, Pacific Region, Nanaimo, British Columbia. The catalogue number and ISSN for the print edition appear in the PDF version. |
| 546 | |a(Résumé en français) |
| 590 | |a14-06-Supp|b2014-03-21 |
| 720 | 1 |aBravender, B. A. |
| 720 | 1 |aAnderson, S. S. |
| 720 | 1 |aVan Tine, J. |
| 830 | #0|aCanadian technical report of fisheries and aquatic sciences,|x1488-5379|vNo. 2292|w(CaOODSP)9.504449 |
| 856 | 40|ahttp://publications.gc.ca|qPDF|s3569 KB|uhttps://publications.gc.ca/collections/collection_2014/mpo-dfo/Fs97-6-2292-eng.pdf|yNo. 2292 |